Fighting vehicles - are they rubbers most demanding users ? (Record no. 59396)

MARC details
000 -LEADER
fixed length control field 00318nam a2200121Ia 4500
100 ## - MAIN ENTRY--AUTHOR NAME
Personal name Mc Lellan J
245 #0 - TITLE STATEMENT
Title Fighting vehicles - are they rubbers most demanding users ?
260 ## - PUBLICATION, DISTRIBUTION, ETC. (IMPRINT)
Name of publisher Rubber Developments
Year of publication 1970
300 ## - PHYSICAL DESCRIPTION
Number of Pages 24-27
650 ## - SUBJECT ADDED ENTRY--TOPICAL TERM
Topical Term Rubber
942 ## - ADDED ENTRY ELEMENTS (KOHA)
Koha item type Journals
Holdings
Withdrawn status Lost status Damaged status Not for loan Home library Current library Shelving location Date acquired Serial Enumeration / chronology Koha item type
      Journals RRII Library RRII Library Rubber chemistry 17/12/2021 Volume 23, Issue 1 Journals